Wskaż województwo w jakim znajduje się dane miasto II - Statystyki

Ogólne statystyki
  • Ten quiz został rozwiązany 155 razy
  • Średni wynik to 11 z 18
Statystyki odpowiedzi
Miasto Liczba ludności (tys.) Województwo % Poprawnych
Malbork 39 pomorskie
83%
Ostróda 33 warmińsko - mazurskie
79%
Września 30.5 wielkopolskie
79%
Augustów 30.5 podlaskie
76%
Tomaszów Mazowiecki 64 łódzkie
75%
Rumia 49 pomorskie
71%
Zgorzelec 31.5 dolnośląskie
68%
Dziwnów 2.5 zachodniopomorskie
64%
Nowa Sól 39 lubuskie
61%
Skawina 24.5 małopolskie
59%
Tuchola 14 kujawsko-pomorskie
57%
Lesko 5.5 podkarpackie
55%
Bełżyce 6.5 lubelskie
54%
Ustroń 16 śląskie
54%
Kazimierza Wielka 5.5 świętokrzyskie
50%
Podkowa Leśna 4 mazowieckie
47%
Józefów nad Wisłą 1 lubelskie
45%
Prószków 2.5 opolskie
44%
Nie znaleziono quizów pasujących do podanych kryteriów
Rozkład punktacji
Procent ludzi z każdym wynikiem
Percentyl według liczby udzielonych odpowiedzi
Twoja historia wyników
Nie rozwiązałeś tego quizu